Transactional analysis and spoken english / (Record no. 16911)

MARC details
000 -LEADER
fixed length control field 00818nam a22002177a 4500
008 - FIXED-LENGTH DATA ELEMENTS--GENERAL INFORMATION
fixed length control field 081020t xxu||||| |||| 00| 0 eng d
010 ## - LCCN (DPL NO)
LC control number ENG-91377
020 ## - INTERNATIONAL STANDARD BOOK NUMBER
International Standard Book Number 9788189840228
Terms of availability 30.00
035 ## - SYSTEM CONTROL NUMBER
System control number EN-74910
037 ## - SOURCE OF ACQUISITION
Source of stock number/acquisition DBAD / PUB
040 ## - CATALOGING SOURCE
Original cataloging agency dpl
Language of cataloging English
082 ## - DEWEY DECIMAL CLASSIFICATION NUMBER
Classification number 158.9
100 ## - MAIN ENTRY--PERSONAL NAME
Personal name Marjory, D.M. Sathya
245 ## - TITLE STATEMENT
Title Transactional analysis and spoken english /
Statement of responsibility, etc by D.M. Sathya Morjory
260 ## - PUBLICATION, DISTRIBUTION, ETC. (IMPRINT)
Place of publication, distribution, etc Erode
Name of publisher, distributor, etc Pallavi Pathippagam South India
Date of publication, distribution, etc 2008
270 ## - ADDRESS
Address 194, Kanna Complex, Mettur Raod,
City Erode
300 ## - PHYSICAL DESCRIPTION
Extent 72p.
Dimensions 20cm (pbk)
650 ## - SUBJECT ADDED ENTRY--TOPICAL TERM
Topical term or geographic name as entry element Transactional analysis
942 ## - ADDED ENTRY ELEMENTS (KOHA)
Source of classification or shelving scheme Dewey Decimal Classification
Item type English Books
Call number suffix MAR
Classification part 158.9
Holdings
Withdrawn status Lost status Source of classification or shelving scheme Damaged status Not for loan Collection code Home library Current library Date acquired Source of acquisition Cost, normal purchase price Total Checkouts Full call number Barcode Date last seen Copy number Cost, replacement price Koha item type
    Dewey Decimal Classification   Not For Loan Non-fiction D.B.Act.Division D.B.Act.Division 20/10/2008 DBAD / PUB 30.00   158.9 MAR EN-74910 20/10/2008 1 30.00 English Books

© Delhi Public Library
Hit Counter
free hit counter